Advanced mathematical methods with Maple

Αποθηκεύτηκε σε:
Λεπτομέρειες βιβλιογραφικής εγγραφής
Κύριος συγγραφέας: Richards, Derek
Μορφή: Βιβλίο
Γλώσσα:English
Δημοσίευση: Cambridge, UK : Cambridge University Press, 2002
Θέματα:
Ετικέτες: Προσθήκη ετικέτας
Δεν υπάρχουν, Καταχωρήστε ετικέτα πρώτοι!

MARC

LEADER 00000nam a2200000 i 4500
001 1/47945
008 070710s2002 eng d
020 |a 978-0-521-77981-4 (pbk.) 
020 |a 0-521-77981-2 (pbk.) 
035 |l 10088781 
040 |a GR-MY-UA  |b gre  |e aacr 
041 0 |a eng 
082 0 |a 519.40285  |2 (22) 
100 1 |a Richards, Derek. 
245 1 0 |a Advanced mathematical methods with Maple /  |c Derek Richards 
260 |a Cambridge, UK :   |b Cambridge University Press,   |c 2002 
300 |a xv, 862 σ.;  |b διαγρ., πίν.;  |c 25 εκ. 
504 |a Βιβλιογραφία: σ. 845-852 
504 |a Περιέχει ευρετήριο 
630 0 0 |a Maple (Computer file) 
650 0 0 |a Numerical analysis  |x Data processing. 
852 |a INST  |b LESVOS  |e 20070710  |h 519.40285 RIC  |p 005100037818  |q 005100037818  |t BK  |y 0 
901 |a BIBL1-2007-2 
909 |a Λ  |b 135929 
922 |a 1ΕΛΗ  |b 200706  |c ΕΠΕΑΕΚ2/ΤΓ  |d ΕΛΕΥΘΕΡΟΥΔΑΚΗΣ 
970 |a ΒΑΡΚΑ  |b ΕΛΕΥΘΕΡΙΑ  |z 2007/07/10